000 01258nam0a22003131 4500
001 rc\1091537
005 20260405232329.0
035 _a(NLR Aleph) 006338331
090 _a7617882
_c7617882
100 _a20041126d1983 |||y0rusy50 ca
101 0 _arus
102 _aRU
105 _ay |||||||||
200 1 _aСверим время
_eСтихотворения
_fАлександр Павлов
210 _aМ.
_cСовременник
_d1983
215 _a61 с.
_d16
225 1 _aНовинки "Современника"
327 0 _aЦиклы: Взрослость; Горячие звезды; Растворите окно; Майский снег
464 0 _12001#$aВзрослость
_tВзрослость
464 0 _12001#$aГорячие звезды
_tГорячие звезды
464 0 _12001#$aРастворите окно
_tРастворите окно
464 0 _12001#$aМайский снег
_tМайский снег
700 1 _8rus
_7ca
_aПавлов
_bА. Б.
_cпоэт, журналист
_f1950-2011
_gАлександр Борисович
_3RU\NLR\AUTH\77106151
_989076
801 0 _aRU
_bNLR
_gpsbo
801 1 _aRU
_bELAR
_2rusmarc
852 _aNLR
_j84-2/70
942 _cBOOK
980 _aNB